000
00373nam a2200145Ia 4500
008
100122s9999 xx 000 0 und d
082
_b
70273
_a
823
100
_a
राजे शैलजा
245
_a
सावर
260
_b
मनोरमा प्रकाशन
_c
2006
300
_a
166
630
_a
सावर
730
_a
सावर
942
_c
BOOK
999
_c
441263
_d
441260